| 000 | 004510000a22001330004500 | ||
|---|---|---|---|
| 008 | 230817t ||||| |||| 00| 0 eng d | ||
| 082 |
_a305.42 _bFEM |
||
| 245 |
_aFeminist legal theory and practice training : _b14-18 May 2004, Colombo, Sri Lanka -summary report |
||
| 260 |
_aChiangmai : _bAsia Pacific Forum on Women, Law and Development (APWLD), _c2004 |
||
| 300 | _aiii., 90 p. | ||
| 650 | _aFEMINIST MOVEMENTS | ||
| 700 | _aPusey, Lisa | ||
| 942 | _cRP | ||
| 999 |
_c1954 _d1954 |
||